Physical and chemical aspects of adsorbents and catalysts : dedicated to J. H. de Boer on the occasion of his retirement from the Technological University, Delft, The Netherlands /
Guardado en:
| Otros Autores: | , |
|---|---|
| Formato: | Libro |
| Idioma: | English |
| Publicado: |
London :
Academic Press,
1970.
|
| Materias: | |
| Etiquetas: |
Agregar Etiqueta
Sin Etiquetas, Sea el primero en etiquetar este registro!
|
| LEADER | 02035cam a22002535a 4500 | ||
|---|---|---|---|
| 001 | EIQ.libpla002821 | ||
| 008 | 700612s1970####enkac####b####011#0#eng#d | ||
| 005 | 20070829160809.0 | ||
| 245 | 0 | 0 | |a Physical and chemical aspects of adsorbents and catalysts : |b dedicated to J. H. de Boer on the occasion of his retirement from the Technological University, Delft, The Netherlands / |c edited by B. G. Linsen; co-editors; J. M. H. Fortuin ... [et al.]. |
| 260 | |a London : |b Academic Press, |c 1970. | ||
| 300 | |a xxiv, 650 p. : |b il., retrato ; |c 24 cm. | ||
| 504 | |a Incluye referencias bibliográficas e índice. | ||
| 505 | 0 | |a J. H. de Boer and the inorganic and physical chemistry. -- J. H. de Boer and heterogeneous catalysis. -- Studies on pore systems in adsorbents and catalysts, by J. C. P. Broekhoff and B. G. Linsen. -- Mobility and adsorption on homogeneous surfaces. A theoretical and experimental study, by J. C. P. Broekhoff and R. H. van Dongen. -- Some recent applications of the calculation of the entropy of the adsorbed phase according to de Boer, by J. J. F. Scholten and S. Kruyer. -- Active alumina, by B. C. Lippens and J. J. Steggerda. -- Porous silica, by C. Okkerse. -- Active magnesia, by W. F. N. M. de Vleesschauwer. -- Formation, preparation and properties of hydrous zirconia, by H. Th. Rijnten. -- Hydrolytic phenomena in U(VI)-precipitation, by M. E. A. Hermans. -- The texture and the surface chemistry of carbons, by Th. van der Plas. -- Structure and activity of silica-supported nickel catalysts, by J. W. E. Coenen and B. G. Linsen. -- Interaction of oxygen with tungsten and molybdenum surfaces, by J. W. Geus. | |
| 020 | |a 0124511503 | ||
| 700 | 1 | |a Boer, J. H. de |q (Jan Hendrik), |d 1899-, |e ed. |4 edt | |
| 700 | 1 | |a Linsen, B. G., |e ed. |4 edt | |
| 082 | 0 | 0 | |a 541/.3453 |
| 650 | 0 | |a Surface chemistry. | |
| 650 | 0 | |a Adsorption. | |
| 650 | 0 | |a Catalysts. | |
| 600 | 1 | 0 | |a Boer, J. H. de |q (Jan Hendrik), |d 1899- |
| 010 | |a 78092405 | ||
| 040 | |a DLC |c DLC |d AR-BbSID | ||
| 859 | |a AR-BbSID |b BIB. PLAPIQUI |h 541.395 |i P 569 |p 526 | ||
